| 000 | 00635nam a22002417a 4500 | ||
|---|---|---|---|
| 003 | LK-CoMWRAF | ||
| 005 | 20240624175215.0 | ||
| 008 | 240624b1995 |||||||| |||| 00| 0 eng d | ||
| 020 | _a0821333666 | ||
| 040 |
_aLK-CoMWRAF _dLK-CoMWRAF _eLK-CoMWRAF |
||
| 041 | _aeng | ||
| 041 | _afre | ||
| 041 | _aspa | ||
| 041 | _ajpn | ||
| 082 |
_a305.3 _bWOR |
||
| 110 | _aThe world bank | ||
| 245 |
_aToward gender equality: _bthe role of public policy- an overview |
||
| 260 |
_aWashington: _bThe world bank _c1995 |
||
| 300 |
_a53 p. _bBibliography included |
||
| 650 | _aGENDER EQUALITY | ||
| 650 | _aSocial inequality | ||
| 942 | _cBK | ||
| 999 |
_c4940 _d4940 |
||